Statystyki dla Państwa, które dzielą te regiony 2#

Kliknij tutaj aby rozwiązać quiz!

Ogólne statystyki

  • Ten quiz został rozwiązany 1 063 razy
  • Średni wynik to 17 z 22

Statystyki odpowiedzi

Wspólny regionCountry% Poprawnych
PomorzePolska
98%
LaponiaRosja
98%
MandżuriaRosja
98%
IrlandiaWielka Brytania
98%
LaponiaFinlandia
97%
LaponiaNorwegia
97%
LaponiaSzwecja
97%
IrlandiaIrlandia
96%
PomorzeNiemcy
96%
MandżuriaChiny
92%
BorneoIndonezja
75%
TracjaTurcja
74%
TracjaGrecja
71%
BorneoMalezja
70%
TracjaBułgaria
66%
Ziemia OgnistaArgentyna
63%
Ziemia OgnistaChile
63%
PendżabIndie
63%
BorneoBrunei
59%
PendżabPakistan
57%
BrabancjaBelgia
38%
BrabancjaHolandia
38%

Rozkład punktacji

Percentyl według liczby udzielonych odpowiedzi

Procent ludzi z każdym wynikiem

Twoja historia wyników

Nie rozwiązałeś tego quizu